01019 2200181 4500001002100000005001500021035002000036245006800056100001600124250001700140300002900157260004400186082001200230084001800242020002200260650001000282520054500292INLIS00000000000098620250323050238 a0010-03250000821 aWhy? Internet of Things :bInternet untuk Segala /cKIM, Chorok0 aKIM, Chorok acetakan ke-1 a160 hlm :bilus ;c24 cm aJakarta :bElex Media Komputindo,c2020 a004.678 a004.678 KIM w a978-623-001-275-4 4aSains aHarald Bluetooth merupakan Raja Denmark di abad ke-10 yang menguasai Skandinavia dan bukanlah tokoh sejarah yang berpengaruh. Akan tetapi, berkat teknologi ‘bluetooth’, koneksi tanpa kabel jarak dekat, yang hadir di abad ke-21, namanya terkenal di seluruh dunia. Bluetooth merupakan salah satu kontributor yang mengubah perangkat digital menjadi lebih ‘smart’. Bukan hanya bluetooth, jaringan sensor-sensor yang jumlahnya miliaran, atau yang lebih dikenal dengan ‘Internet of Things’, saat ini sedang mengubah kehidupan manusia.